<?xml version="1.0" encoding="UTF-8"?>
<record
    xmlns:xsi="http://www.w3.org/2001/XMLSchema-instance"
    xsi:schemaLocation="http://www.loc.gov/MARC21/slim http://www.loc.gov/standards/marcxml/schema/MARC21slim.xsd"
    xmlns="http://www.loc.gov/MARC21/slim">

  <leader>02432agaaa2200325   4500</leader>
  <controlfield tag="001">1626</controlfield>
  <controlfield tag="003">IT-RoPAU</controlfield>
  <controlfield tag="005">20220918181226.0</controlfield>
  <controlfield tag="007">d cvaizq</controlfield>
  <controlfield tag="008">50131s9999||||xx ||| |     ||   ||und||</controlfield>
  <datafield tag="040" ind1=" " ind2=" ">
    <subfield code="a">IT-RoPAU</subfield>
    <subfield code="c">IT-RoPAU</subfield>
  </datafield>
  <datafield tag="041" ind1=" " ind2=" ">
    <subfield code="a">ITALIANO</subfield>
  </datafield>
  <datafield tag="100" ind1=" " ind2=" ">
    <subfield code="a">Visconti Luchino</subfield>
    <subfield code="g">Codice regista SPICS: 626</subfield>
    <subfield code="9">38042</subfield>
  </datafield>
  <datafield tag="130" ind1=" " ind2=" ">
    <subfield code="a">SENSO</subfield>
    <subfield code="9">38043</subfield>
  </datafield>
  <datafield tag="245" ind1=" " ind2=" ">
    <subfield code="a">SENSO</subfield>
    <subfield code="c">Prodotto da: Visconti Luchino -- Sceneggiatura: Visconti Luchino Cecchi D'Amico Suso -- Diretto da: Visconti Luchino</subfield>
    <subfield code="p">SENSO (Rif. Codice opera principale : 21626)</subfield>
  </datafield>
  <datafield tag="250" ind1=" " ind2=" ">
    <subfield code="a">Edizione Standard</subfield>
  </datafield>
  <datafield tag="260" ind1=" " ind2=" ">
    <subfield code="a">(ITALIA)</subfield>
    <subfield code="b">LUX FILM / Distribuzione: RAI</subfield>
    <subfield code="g">"1954 (1&#xB0; ed.: 1983 ; Ed. Lingua Orig.: 1954)"</subfield>
  </datafield>
  <datafield tag="300" ind1=" " ind2=" ">
    <subfield code="a">VHS</subfield>
    <subfield code="b">sonoro, col.</subfield>
    <subfield code="c">120 minuti</subfield>
  </datafield>
  <datafield tag="508" ind1=" " ind2=" ">
    <subfield code="a">"Fotografia: Aldo G.R.; Musica: Bruckner Joseph Anton; Sceneggiatura: Visconti Luchino Cecchi D'Amico Suso; Soggetto: Visconti Luchino -- Cecchi D'Amico Suso"</subfield>
  </datafield>
  <datafield tag="511" ind1=" " ind2=" ">
    <subfield code="a">"Granger Farley; Valli Alida; Girotti Massimo; Morelli Rina; Marquand Christian"</subfield>
  </datafield>
  <datafield tag="520" ind1=" " ind2=" ">
    <subfield code="a">A VENEZIA ALLA VIGILIA DELLA BATTAGLIA DI CUSTOZA UNA PATRIZIA VENETA LA CONTESSA LIVIA SERPIERI MOGLIE DI UN AUSTRIACANTE MA ARDENTE DI ZELO PATRIOTTICO SI INNAMORA DI UN GIOVANE UFFICIALE AUSTRIACO FRANZ MAHLER L'AMORE DIVENTA BEN PRESTO PASSIONE E NON TARDA A PRIVARLA DI OGNI DIGNITA' FRANZ E' UN INDIVIDUO EQUIVOCO E VILE FINGE DI AMARE LIVIA MIRA IN REALTA' SOLO AL SUO DENARO PERCHE' NE HA BISOGNO PER PAGARE UN MEDICO E FARSI ESONERARE DAL SERVIZIO MILITARE LIVIA E' COSI' CIECA CHE NON SI ACCORGE DI NULLA E QUANDO LUI LE CHIEDE IL DENARO LEI NON ESITA A DARGLI QUELLO CHE I PATRIOTI ITALIANI LE AVEVANO CONFIDATO PER LE SPESE DI GUERRA FRANZ AVUTO QUELLO CHE VOLEVA NON SI FA PIU' VIVO CON LIVIA MA LEI SI METTE SULLE SUE TRACCE E LO RAGGIUNGE L'INCONTRO E' TERRIBILE LIVIA FUORI DI SE' CORRE AL COMANDO AUSTRIACO E RIVELA CON QUALE INGANNO FRANZ ERA RIUSCITO A FARSI ESONERARE IL GIOVANE E' FUCILATO E LIVIA PERDE LA RAGIONE</subfield>
  </datafield>
  <datafield tag="538" ind1=" " ind2=" ">
    <subfield code="a">PAL, STEREO</subfield>
  </datafield>
  <datafield tag="546" ind1=" " ind2=" ">
    <subfield code="a">ITALIANO</subfield>
  </datafield>
  <datafield tag="650" ind1=" " ind2=" ">
    <subfield code="a">DRAMMATICO</subfield>
    <subfield code="e">FILMS [VHS]</subfield>
    <subfield code="x">Codice MATERIA SPICS: 9960</subfield>
    <subfield code="9">34083</subfield>
  </datafield>
  <datafield tag="700" ind1=" " ind2=" ">
    <subfield code="a">Bruckner Joseph Anton</subfield>
    <subfield code="e">(musica)</subfield>
    <subfield code="g">Codice Musica SPICS: 10727</subfield>
    <subfield code="9">38044</subfield>
  </datafield>
  <datafield tag="700" ind1=" " ind2=" ">
    <subfield code="a">Cecchi D'Amico Suso </subfield>
    <subfield code="e">(soggetto)</subfield>
    <subfield code="g">Codice Soggetto 2&#xB0; SPICS: 7581</subfield>
    <subfield code="9">38045</subfield>
  </datafield>
  <datafield tag="700" ind1=" " ind2=" ">
    <subfield code="a">Visconti Luchino </subfield>
    <subfield code="e">(regista)</subfield>
    <subfield code="g">Codice regista SPICS: 626</subfield>
    <subfield code="9">38046</subfield>
  </datafield>
  <datafield tag="700" ind1=" " ind2=" ">
    <subfield code="a">Visconti Luchino </subfield>
    <subfield code="e">(soggetto)</subfield>
    <subfield code="g">Codice Soggetto SPICS: 626</subfield>
    <subfield code="9">38047</subfield>
  </datafield>
  <datafield tag="942" ind1=" " ind2=" ">
    <subfield code="c">VH</subfield>
    <subfield code="2">ddc</subfield>
  </datafield>
  <datafield tag="999" ind1=" " ind2=" ">
    <subfield code="c">104856</subfield>
    <subfield code="d">104856</subfield>
  </datafield>
  <datafield tag="952" ind1=" " ind2=" ">
    <subfield code="0">0</subfield>
    <subfield code="1">0</subfield>
    <subfield code="4">0</subfield>
    <subfield code="6">21626_000000000000000</subfield>
    <subfield code="7">1</subfield>
    <subfield code="a">SPICS</subfield>
    <subfield code="b">SPICS</subfield>
    <subfield code="d">2015-01-31</subfield>
    <subfield code="l">0</subfield>
    <subfield code="o">21626</subfield>
    <subfield code="r">2015-01-31 00:00:00</subfield>
    <subfield code="w">2015-01-31</subfield>
    <subfield code="y">VH</subfield>
    <subfield code="z">Progr. Ins.: 1422 / N.Vol.:1 / Copie: 1 / Pag.: / Copia rara: n.d. / date import: 1.2.2015 / By Epidotti, Trombetti, Vaglietti</subfield>
  </datafield>
</record>
